| 000 | 00897nam a2200253 i 4500 | ||
|---|---|---|---|
| 003 | IT-RoINE | ||
| 005 | 20150220115552.0 | ||
| 008 | 900725s1955 sp |r 1 spa d | ||
| 040 |
_aSpMaBN _bspa _cA2 IT-RoINE _dIT-RoINE |
||
| 100 | 1 |
_aEstébanez Calderón, Serafín, _d1799-1867 _916634 |
|
| 240 | 1 | _aObras | |
| 245 | 1 | 0 |
_aObras completas de D. Serafín Estébanez Calderón / _cedición, prologo y notas de Jorge Campos. |
| 246 | 3 | 3 | _aVida y obra de D. Serafín Estébanez Calderón "El Solitario" |
| 260 |
_aMadrid : _bAtlas, _c1955. |
||
| 300 |
_a2 v. ; _c26 cm. |
||
| 336 |
_2rdacontent _atext |
||
| 337 |
_2rdamedia _aunmediated |
||
| 338 |
_2rdacarrier _avolume |
||
| 490 | 1 | 0 |
_aBiblioteca de autores españoles ; _v78,79 |
| 500 | _aTít. tomado de la cub. del v. 1. | ||
| 700 | 1 |
_aCampos, Jorge _d1916-1983 _916624 |
|
| 830 | 0 |
_912318 _aBiblioteca de autores españoles |
|
| 942 | _cMTS | ||
| 999 |
_c8043 _d8043 |
||